Návrh na zlepšenie kvality vyrábanej podložky pre použitie v optickom zariadení aplikáciou vybraných metód a nástrojov manažérstva kvality

Guardado en:
Detalles Bibliográficos
Autor principal: Radošovský, Andrej (Autor)
Otros Autores: Koblen, Ivan (Orientador)
Formato: Manuscrito Libro
Lenguaje:eslovaco
Publicado: 2016
Materias:
Acceso en línea:http://is.stuba.sk/zp/portal_zp.pl?podrobnosti=129237
Etiquetas: Agregar Etiqueta
Sin Etiquetas, Sea el primero en etiquetar este registro!

MARC

LEADER 00000ntm a22000003a 4500
001 stuzp57760
003 SK-STU
005 20160917210127.7
007 ta
008 150427s2015----xo-----f-mn---000-0-slo-d
040 |a STU  |b slo 
041 0 |a slo 
100 1 |a Radošovský, Andrej  |u 064000  |4 aut  |U MTF Materiálovotechnologická fakulta  |T MTF Ústav priemyselného inžinierstva a manažmentu  |X 9642  |U M4000  |Y 84  |7 9642 
242 0 1 |a The proposal to improve the quality of produced pad for use in optical devices applying the selected methods and tools of quality management  |y eng 
245 1 0 |a Návrh na zlepšenie kvality vyrábanej podložky pre použitie v optickom zariadení aplikáciou vybraných metód a nástrojov manažérstva kvality 
260 |c 2016 
650 4 |a histogram  |2 slo 
650 4 |a Paretova analýza  |2 slo 
650 4 |a regulačný diagram  |2 slo 
650 4 |a procesný prístup  |2 slo 
650 4 |a process approach  |2 eng 
650 4 |a control chart  |2 eng 
650 4 |a Pareto analysis  |2 eng 
650 4 |a histogram  |2 eng 
700 1 |a Koblen, Ivan  |u 065200  |k Z1  |4 ths  |U MTF Ústav integrovanej bezpečnosti  |T MTF Katedra bezpečnostného inžinierstva  |X 77556  |U M5200  |Y 192  |7 77556 
856 4 |u http://is.stuba.sk/zp/portal_zp.pl?podrobnosti=129237 
996 |c M* BP-7895  |l MMSKP  |s P  |a 0  |w stuzp57760_0001